| 000 | 01358nam a22002655a 4500 | ||
|---|---|---|---|
| 003 | OSt | ||
| 005 | 20170309130053.0 | ||
| 008 | 170307s2012 ua frb 000 0 ara d | ||
| 015 | _a2012 / 5116 | ||
| 020 | _a9789770469722 | ||
| 040 |
_aEG-ScBUE _bara _cEG-ScBUE |
||
| 043 | _af-ua--- | ||
| 082 | 0 | 4 |
_a320.557 _bأ ب و _222 |
| 100 | 1 | _aأبو عطية، السيد. | |
| 245 | 1 | 0 |
_aنحو إسلام سياسي معاصر / _cالسيد أبو عطية. |
| 260 |
_aالقاهرة : _bدار النهضة العربية، _c[2012] |
||
| 300 |
_aمتعدد الترقيم ؛ _c24 سم. |
||
| 504 | _aيشتمل على إرجاعات ببليوجرافية. | ||
| 505 | 0 | _aمفهومنا للإسلام السياسي المعاصر ــ الجزء الأول : مناهج البحث العلمي في العلاقات الدولية المقارنة ــ الجزء الثاني : مستقبل الديموقراطية ونظرية الإسلام السياسية ــ الجزء الثالث : إنسانية العلاقات الدولية في الإسلام ــ الجزء الرابع : فلسفة العلاقات الدولية في الإسلام. | |
| 650 | 7 |
_aالإسلام والسياسة. _2BUEsh _913370 |
|
| 650 | 7 |
_aالحركات الإسلامية. _2BUEsh _913370 |
|
| 651 | _2BUEsh | ||
| 653 |
_bLLAAWW _cMarch2017 |
||
| 942 | _2ddc | ||
| 999 |
_c24358 _d24330 |
||